Polymer Science/ (Record no. 156447)

MARC details
000 -LEADER
fixed length control field 00537nam a22001817a 4500
005 - DATE AND TIME OF LATEST TRANSACTION
control field 20180827170732.0
010 ## - LCCN (DPL NO)
LC control number B-083341
020 ## - INTERNATIONAL STANDARD BOOK NUMBER
International Standard Book Number 0852263074
035 ## - SYSTEM CONTROL NUMBER
System control number B-083341
037 ## - SOURCE OF ACQUISITION
Source of stock number/acquisition New Age International Publishers
082 ## - DEWEY DECIMAL CLASSIFICATION NUMBER
Classification number 547.7
100 ## - MAIN ENTRY--PERSONAL NAME
Personal name Gowariker, V R
245 ## - TITLE STATEMENT
Title Polymer Science/
Statement of responsibility, etc by V R Gowariker
260 ## - PUBLICATION, DISTRIBUTION, ETC. (IMPRINT)
Place of publication, distribution, etc New Delhi
Name of publisher, distributor, etc New Age International Publishers
Date of publication, distribution, etc 2003
300 ## - PHYSICAL DESCRIPTION
Extent 503p.
Dimensions 23cm.(Pbk)
942 ## - ADDED ENTRY ELEMENTS (KOHA)
Source of classification or shelving scheme Dewey Decimal Classification
Item type English Books
Classification part 547.7
Call number suffix GOW
Holdings
Withdrawn status Lost status Not for loan Collection code Home library Current library Date acquired Full call number Barcode Koha item type
      Non-fiction Sarojini Nagar Sarojini Nagar 27/08/2018 547.7 GOW B-083341 English Books

© Delhi Public Library
Hit Counter
free hit counter